| 000 | 00612nam a2200169 4500 | ||
|---|---|---|---|
| 001 | 120915 | ||
| 003 | ES-MaACL | ||
| 005 | 20230906191640.0 | ||
| 007 | t| | ||
| 008 | 070214s1974 sp r ||||1| spa d | ||
| 100 | 1 |
_aPrats de Laplace, María Teresa. _993705 |
|
| 245 | 1 | 0 |
_aProceso al siglo XX _b: ensayo dramático, dividido en prólogo, 7 escenas y epílogo / _coriginal de María Teresa Prats de Laplace. |
| 260 |
_aLas Palmas de Gran Canaria : _bCabildo Insular, _c1974. |
||
| 300 |
_a81 p., 4 lám. ; _c24 cm. |
||
| 710 | 1 |
_aGran Canaria. _bCabildo Insular. _92264 |
|
| 852 |
_aES-MaACL _jE-6613 _bR.91122 |
||
| 999 |
_c120915 _d120915 |
||